Statystyki dla Rozpoznaj drużyny Ekstraklasy po krajach piłkarzy - jesień 21/22

Kliknij tutaj aby rozwiązać quiz!

Ogólne statystyki

  • Ten quiz został rozwiązany 72 razy
  • Średni wynik to 10 z 18

Statystyki odpowiedzi

HintOdpowiedź% Poprawnych
🇵🇱 - 🇸🇰, 🇵🇱, 🇭🇷, 🇵🇹 - 🇸🇪, 🇵🇹 - 🇵🇱, 🇵🇹, 🇵🇱 - 🇸🇪Lech Poznań
77%
🇵🇱 - 🇵🇱, 🇵🇱, 🇵🇱 - 🇸🇪, 🇵🇹, 🇵🇱, 🇷🇸 - 🇧🇷, 🇦🇿, 🇵🇹Legia Warszawa
74%
🇭🇷 - 🇵🇱, 🇬🇷, 🇦🇹, 🇵🇹 - 🇵🇱 - 🇵🇱, 🇵🇱, 🇵🇱, 🇧🇷 - 🇸🇮Pogoń Szczecin
72%
🇵🇱 - 🇵🇱, 🇵🇱, 🇵🇱 - 🇵🇱, 🇵🇱, 🇬🇲, 🇸🇮 - 🇵🇱, 🇪🇸, 🇩🇪Górnik Zabrze
68%
🇸🇰 - 🇵🇱, 🇵🇱, 🇭🇷, 🇵🇱 - 🇵🇱, 🇵🇱 - 🇹🇷, 🇵🇹, 🇧🇷 - 🇵🇱Lechia Gdańsk
67%
🇧🇦 - 🇭🇷, 🇨🇿, 🇵🇱 - 🇭🇷, 🇷🇸, 🇬🇷, 🇵🇱 - 🇪🇸, 🇵🇱, 🇵🇱Raków Częstochowa
61%
🇸🇰 - 🇷🇴, 🇭🇷, 🇨🇿 - 🇸🇰, 🇵🇱, 🇧🇦, 🇵🇱 - 🇳🇱, 🇩🇪, 🇷🇴Cracovia
58%
🇵🇱 - 🇵🇱, 🇵🇱, 🇧🇷, 🇵🇱 - 🇧🇷, 🇵🇱, 🇵🇹, 🇵🇹 - 🇵🇱, 🇧🇷Radomiak Radom
56%
🇵🇱 - 🇷🇴, 🇪🇸, 🇵🇱 - 🇨🇿, 🇨🇿, 🇵🇱, 🇷🇴 - 🇵🇱, 🇪🇸, 🇱🇹Jagiellonia Białystok
54%
🇵🇱 - 🇵🇱, 🇨🇿, 🇵🇱, 🇨🇿 - 🇳🇱 - 🇬🇭, 🇵🇱, 🇨🇿, 🇵🇱 - 🇨🇿Wisła Kraków
53%
🇵🇱 - 🇵🇱, 🇵🇱, 🇦🇿 - 🇸🇰, 🇵🇱, 🇵🇱, 🇵🇱 - 🇵🇱, 🇵🇱 - 🇵🇱Wisła Płock
46%
🇸🇰 - 🇵🇱, 🇸🇰, 🇵🇱, 🇬🇷 - 🇵🇱, 🇵🇱 - 🇵🇱, 🇵🇱, 🇭🇺 - 🇪🇸
Piast Gliwice
44%
🇵🇱 - 🇵🇱, 🇷🇸, 🇵🇱, 🇵🇱 - 🇨🇿, 🇵🇱, 🇸🇰 - 🇧🇦, 🇵🇱, 🇸🇰Bruk-Bet Termalica Nieciecza
40%
🇵🇱 - 🇵🇱, 🇵🇱, 🇵🇱 - 🇵🇱, 🇵🇱, 🇨🇿, 🇪🇸 - 🇸🇰, 🇪🇸, 🇵🇱Śląsk Wrocław
40%
🇵🇱 - 🇫🇮, 🇵🇱, 🇵🇱 - 🇵🇱, 🇵🇱, 🇵🇱, 🇵🇱 - 🇵🇱, 🇸🇰, 🇵🇱Warta Poznań
40%
🇵🇱 - 🇵🇱, 🇵🇱, 🇧🇷 - 🇵🇱, 🇵🇱, 🇪🇸, 🇺🇦 - 🇧🇪, 🇵🇱, 🇵🇱Górnik Łęczna
39%
🇵🇱 - 🇪🇸, 🇵🇱, 🇵🇱 - 🇵🇱, 🇯🇵, 🇵🇱, 🇵🇱 - 🇵🇱, 🇵🇱, 🇵🇱Stal Mielec
39%
🇵🇱 - 🇵🇱, 🇵🇱, 🇷🇸, 🇵🇱 - 🇵🇱, 🇵🇱 - 🇨🇿, 🇵🇱, 🇸🇮, 🇵🇱Zagłębie Lubin
33%

Rozkład punktacji

Percentyl według liczby udzielonych odpowiedzi

Procent ludzi z każdym wynikiem

Twoja historia wyników

Nie rozwiązałeś tego quizu